Logo CIB grande

Guía de buenas prácticas para la ejecución de obras marítimas (Registro nro. 237788)

Detalles MARC
000 -LEADER
campo de control de longitud fija 00782nam a2200241Ia 4500
005 - FECHA Y HORA DE LA ÚLTIMA TRANSACCIÓN
campo de control 20250425162843.0
008 - DATOS DE LONGITUD FIJA--INFORMACIÓN GENERAL
campo de control de longitud fija 250425s9999 xx 000 0 und d
020 ## - NÚMERO INTERNACIONAL ESTÁNDAR DEL LIBRO
Número Internacional Estándar del Libro 9788488975713
041 ## - CÓDIGO DE IDIOMA
Código de lengua del texto/banda sonora o título independiente spa
082 ## - NÚMERO DE LA CLASIFICACIÓN DECIMAL DEWEY
Número de clasificación 627.24
Iniciales del Autor PIÑ
010 ## - NÚMERO DE CONTROL DE LA BIBLIOTECA DEL CONGRESO
Número de control de LC 113770
100 ## - ENTRADA PRINCIPAL--NOMBRE DE PERSONA
Nombre de persona Piñeiro Díaz, Emilio, coord.
245 #0 - MENCIÓN DEL TÍTULO
Título Guía de buenas prácticas para la ejecución de obras marítimas
Mención de responsabilidad, etc. Coordinado por Emilio Piñeiro Díaz y Puertos del Estado
250 ## - MENCION DE EDICION
Mención de edición Segunda edición
260 ## - PUBLICACIÓN, DISTRIBUCIÓN, ETC.
Lugar de publicación, distribución, etc. Madrid
Nombre del editor, distribuidor, etc. Puertos del Estado
Fecha de publicación, distribución, etc. 2009
300 ## - DESCRIPCIÓN FÍSICA
Extensión 327 páginas
Otras características físicas ilustraciones
Dimensiones 26 cm.
504 ## - NOTA DE BIBLIOGRAFÍA, ETC.
Nota de bibliografía, etc. Nota Incluye referencias bibliográficas
650 ## - PUNTO DE ACCESO ADICIONAL DE MATERIA--TÉRMINO DE MATERIA
Término de materia o nombre geográfico como elemento de entrada Diques
650 ## - PUNTO DE ACCESO ADICIONAL DE MATERIA--TÉRMINO DE MATERIA
Término de materia o nombre geográfico como elemento de entrada Puertos - Diseño y construcción
650 ## - PUNTO DE ACCESO ADICIONAL DE MATERIA--TÉRMINO DE MATERIA
Término de materia o nombre geográfico como elemento de entrada Trabajos marítimos
902 ## - ELEMENTOS DE DATOS B LOCAL, LDB (RLIN)
a Monográfico
c Impreso
942 ## - ELEMENTOS DE ENTRADA SECUNDARIOS (KOHA)
Tipo de ítem Koha Libros
Existencias
Estatus retirado Estado de pérdida Estado de daño No para préstamo Biblioteca de origen Biblioteca actual Fecha de adquisición Coste, precio normal de compra Etiqueta RFID Total de préstamos Código de barras Copia número Tipo de ítem Koha Nota pública
        CENTRO DE INFORMACIÓN BIBLIOTECARIA CENTRO DE INFORMACIÓN BIBLIOTECARIA 16/09/2023 105.00 0000000000000000036749   80864 1 Libros Compra / Pablo Núñez

Copyright 2025 ESPOL. Todos los derechos reservados.